000 00903nam a22003137a 4500
001 BR2016002625
003 BR-BrBNA
005 20230928104902.0
007 ta
008 230509b bl.||||| |||| 00| 0 por d
040 _aBR-BrBNA
_bpor
_cBiblioteca Nacional de Agricultura
041 _a(Por)
072 _aE14
_b1160
090 _ 1160 BR2016002625
100 1 _aBarbosa, R.O.C. (ed.)
100 1 _aBarbosa Pinto, M.T.
110 1 _aSindicato das Indústrias do Açúcar e de Doces e Conservas Alimentícias do Estado do Ceará, Fortaleza, CE (Brasil)
_99513
245 1 _aO cajueiro e o agronegócio do caju
260 3 _aFortaleza, CE (Brasil):
300 _a47 p.
500 _a9 illus
650 _aCAJU
650 _aAGRONEGÓCIO
650 _aPRODUTO
650 _aINDÚSTRIA ALIMENTÍCIA
650 _aCULINÁRIA
909 _a202309
_bLucia
_c55
_dLucia Elande
942 _cBK
999 _c82267
_d82267